01668nam#a2200241 45000010014000000030004000140050017000180060019000350070015000540080041000690200018001100400018001281000041001462450039001872500018002262600013002442640048002573000022003053360026003273370026003535200996003798560051013759786071522344VST20250425090632.0m o d cr#un#---uucau240611s2024 MEX d a9786071522344 aVSTcVSTdVST1 aBerta Ermila Madrigal Torreseauthor10aLiderazgo y habilidades directivas afirst edition aMexico : 1aMexico :bMcGraw-Hill Interamericana,c2024 a1 online resource atextbtxt2rdacontent acomputerbc2rdamedia aEste libro está dirigido principalmente a estudiantes de pregrado y posgrado en administración, negocios y materias relacionadas con liderazgo y administración pública; pero los temas que aquí se tratan son de gran utilidad y beneficio para cualquier persona que quiera desarrollar sus aptitudes de liderazgo. El libro, escrito en un lenguaje sencillo y práctico, responde a las nuevas tendencias y necesidades que sobre este tema se han presentado en la actualidad; también responde a las necesidades sociales que demanda el nuevo contexto de innovación disruptiva en la Cuarta y Quinta Revolución industrial. El texto presenta los enfoques y teorías más recientes sobre liderazgo y habilidades directivas, clasificándolas y haciendo hincapié en los aspectos sociales, intelectuales y tecnológicos. Además, muestra cómo descubrir y desarrollar sus aptitudes de liderazgo a través de herramientas didácticas, estudios de caso y ejercicios de valoración.40uhttps://resolver.vitalsource.com/9786071522344